000 00454nam a2200181Ia 4500
001 15457
005 20260306170157.0
008 260306t2017||||xx |||||||||||||| ||und||
041 _aESP
082 _a540
_bP48
100 _aPetrucci, Ralph H.
_eAUT
245 0 _aQuĂ­mica general:
_bprincipios y aplicaciones modernas
260 _c2017
300 _avarias paginaciones :
_c27 cm.
650 _aGEN
654 _aCCN
942 _cLIB
_dJUS
_fJUS
_2ddc
_n
999 _c15457
_d15457